000 00951nam a2200217 a 4500
003 AM-YeHGA
040 _aAM-YeHGA
090 _c445547
005 20250618075221.0
008 180201s2017 ai |||||r|||| 00||0|arm||
020 _a9789939604916
041 0 _aarm
100 1 _aՆունե Փեն
245 1 0 _aԿյանքամեջում սղված երիտասարդություն :
_b[Հուշագրություն] /
_cՆունե Փեն ; Առաջաբանի հեղինակ և խմբագիր՝ Դավիթ Մշեցի ; Գեղարվեստական խմբագիր՝ Դ. Ավագյան.
260 _aԵրևան :
_b«ՎՄՎ-Պրինտ» հրատարակչություն,
_c2017.
300 _a92 էջ ;
_c20 սմ.
650 1 4 _aՀայ հուշագրություն
_95766
700 1 _aՄշեցի, Դավիթ
_eառաջաբանի հեղինակ
_4aui
_eխմբագիր
_4edt
700 1 _aԱվագյան, Դիանա
_eխմբագիր
_4edt
942 _2udc
_cBK
999 _c442742
_d442742